LEADER 01436cam0-22004571i-450- 001 990000379100403321 005 20060130164535.0 035 $a000037910 035 $aFED01000037910 035 $a(Aleph)000037910FED01 035 $a000037910 100 $a20020821g19121918km-y0itay50------ba 101 0 $aita 102 $aIT 105 $ay---j---001yy 200 1 $aManuale di fisica, ad uso delle scuole secondarie e superiori$fBernardo Dessau 210 $aMilano$cSocietā Editrice Libraria$d1912-1918 215 $a3 v. (XII, 500; VII, 612; VII, 760 p.)$d26 cm 327 1 $a1.: Meccanica. - 1912$a2.: Acustica, termologia, ottica. - 1915$a3.: Elettrologia. - 1918 610 0 $aMeccanica 610 0 $aArgomenti tecnici e scientifici vari 610 0 $aElettricitā 676 $a530 676 $a531 676 $a537 700 1$aDessau,$bBernardo$02855 801 0$aIT$bUNINA$gRICA$2UNIMARC 901 $aBK 912 $a990000379100403321 952 $a04 040-11/1$bOPV CI 0140$fDINCH 952 $a04 040-11/2$bOPV CI 0140$fDINCH 952 $a04 040-11/3$bOPV CI 0140$fDINCH 952 $a04 040-11/1-3$bOPV CI 0140$fDINCH 952 $a07 I-26$fDINSC 952 $a13 N 03 22$b4541$fFINBC 952 $a13 N 03 23$b4543$fFINBC 959 $aDINCH 959 $aDINSC 959 $aFINBC 996 $aManuale di fisica, ad uso delle scuole secondarie e superiori$9135638 997 $aUNINA LEADER 02956nam 2200697Ia 450 001 9910461722803321 005 20200520144314.0 010 $a1-280-65884-3 010 $a9786613635778 010 $a0-7391-6512-7 035 $a(CKB)2670000000155032 035 $a(EBL)862639 035 $a(OCoLC)778339884 035 $a(SSID)ssj0001143227 035 $a(PQKBManifestationID)12376063 035 $a(PQKBTitleCode)TC0001143227 035 $a(PQKBWorkID)11110439 035 $a(PQKB)10057906 035 $a(SSID)ssj0000614179 035 $a(PQKBManifestationID)12220708 035 $a(PQKBTitleCode)TC0000614179 035 $a(PQKBWorkID)10604484 035 $a(PQKB)11314895 035 $a(MiAaPQ)EBC862639 035 $a(PPN)175171564 035 $a(Au-PeEL)EBL862639 035 $a(CaPaEBR)ebr10552009 035 $a(CaONFJC)MIL363577 035 $a(EXLCZ)992670000000155032 100 $a20110719d2012 uy 0 101 0 $aeng 135 $aur|n|---||||| 181 $ctxt 182 $cc 183 $acr 200 04$aThe challenge of the threshold$b[electronic resource] $eborder closures and migration movements in Africa /$fedited by Jocelyne Streiff-Fn?art and Aurelia Segatti 210 $aLanham, MD $cLexington Books$dc2012 215 $a1 online resource (289 p.) 300 $aDescription based upon print version of record. 311 $a0-7391-6511-9 311 $a0-7391-6510-0 320 $aIncludes bibliographical references and index. 327 $aCover; HalfTitle; Title; Copyright; Contents; Introduction; Part I; Chapter 1; Chapter 2; Chapter 3; Chapter 4; Part II; Chapter 5; Chapter 6; Chapter 7; Chapter 8; Part III; Chapter 9; Chapter 10; Chapter 11; Chapter 12; Chapter 13; Bibliography; Index; About the Contributors; List of Acronyms 330 $aThe containment policies aimed at regulating immigration flows towards Europe and emerging economies like South Africa have profoundly altered the dynamics of migration in Africa. Drawing on original empirical research, this volume explores the notion of threshold as an operative concept to envisage in turn: the discursive frameworks of containment policies, the challenges to local spaces and their equilibrium, and finally, the sense of liminality experienced by migrants caught in those situations. 606 $aEmigration and immigration 606 $aAfricans$xMigrations 607 $aAfrica$xEmigration and immigration 607 $aEurope$xEmigration and immigration 608 $aElectronic books. 615 0$aEmigration and immigration. 615 0$aAfricans$xMigrations. 676 $a304.8096 701 $aStreiff-Fenart$b Jocelyne$0685171 701 $aKabwe-Segatti$b Aurelia Wa$0881172 801 0$bMiAaPQ 801 1$bMiAaPQ 801 2$bMiAaPQ 906 $aBOOK 912 $a9910461722803321 996 $aThe challenge of the threshold$91967955 997 $aUNINA